000 00473nam a2200169Ia 4500
008 090711s9999 xx 000 0 und d
082 _b59319
100 _aकाकोडकर Sांद्रकांत
245 _aभास
260 _c1987
300 _a183
600 _aकाकोडकर Sांद्रकांत
630 _aभास
700 _aकाकोडकर Sांद्रकांत
730 _aभास
942 _cBOOK
999 _c292760
_d292760